Bệnh gia súc non
Nội dung chủ yếu của sách trình bày những kiến thức cần thiết về chẩn đoán, phòng và trị những bệnh thường gặp ở lợn con và bê nghé trên cơ sở các qui trình qui phạm hiện hành. Ngoài ra tác giả còn tập hợp thêm những kinh nghiệm tốt...
Đã lưu trong:
| 主要作者: | |
|---|---|
| 格式: | 圖書 |
| 語言: | Undetermined |
| 出版: |
Hà Nội
Nông nghiệp
1986
|
| 主題: | |
| 標簽: |
添加標簽
沒有標簽, 成為第一個標記此記錄!
|
| Thư viện lưu trữ: | Trung tâm Học liệu Trường Đại học Cần Thơ |
|---|
| LEADER | 01149nam a2200205Ia 4500 | ||
|---|---|---|---|
| 001 | CTU_127459 | ||
| 008 | 210402s9999 xx 000 0 und d | ||
| 082 | |a 636.0896 | ||
| 082 | |b Đ110/T.2 | ||
| 100 | |a Đào, Trọng Đạt | ||
| 245 | 0 | |a Bệnh gia súc non | |
| 245 | 0 | |c Đào Trọng Đạt, Phan Thanh Phượng | |
| 260 | |a Hà Nội | ||
| 260 | |b Nông nghiệp | ||
| 260 | |c 1986 | ||
| 520 | |a Nội dung chủ yếu của sách trình bày những kiến thức cần thiết về chẩn đoán, phòng và trị những bệnh thường gặp ở lợn con và bê nghé trên cơ sở các qui trình qui phạm hiện hành. Ngoài ra tác giả còn tập hợp thêm những kinh nghiệm tốt để giúp bạn đọc nghiên cứu và thực hành các kỹ thuật thú y tại các cơ sở chăn nuôi tập trung cũng như trong chăn nuôi gia đình. | ||
| 650 | |a Domestic animals,Veterinary pathology | ||
| 650 | |x Diseases | ||
| 904 | |i Hạ Nguyên | ||
| 980 | |a Trung tâm Học liệu Trường Đại học Cần Thơ | ||